00490nam a2200121Ia 4500008004100000082001700041100004000058245006900098260005500167300000800222630006900230730006900299100122s9999 xx 000 0 und d b24570a745.5 aखाडिलकर चिं ह aआलेखन कला भाग-2 रा (क.क्र.8/2) bअरुण कला प्रकाशनc1966 a102 aआलेखन कला भाग-2 रा (क.क्र.8/2) aआलेखन कला भाग-2 रा (क.क्र.8/2)